000 00382nam a2200145Ia 4500
008 230519s9999 xx 000 0 und d
020 _a978-0-323-03031-1
041 _aeng
082 _a615.1/MUL/DB0542
100 _aMulholland Joyce
_9180403
245 _aThe Nurse The Math The Meds
260 _bMosby Elsevier
_aSt Louis
_c2007
300 _a618p
999 _c159282
_d159282